Kronika 20. storočia 4 1930-1939
| Ďalší autori: | , |
|---|---|
| Médium: | Kniha |
| Jazyk: | slovenčina nemčina |
| Fyzický popis: | S. 414-547 fotogr., ilustr., mp. 30 cm |
| Vydavateľské údaje: |
[Bratislava]
Fortuna Libri [Petit Press]
c2007
|
| ISBN: | 9788089144808 (súbor) 9788089144846 (viaz. : 4. zv.) |
| Vydanie: | [2. slov. vyd.] |
| Edícia: | Edícia denníka SME
|
| Predmet: |
MARC
| LEADER | 00000nam a2200000 a 4500 | ||
|---|---|---|---|
| 001 | vtls009184235 | ||
| 003 | SK-MaSNL | ||
| 005 | 20260301125314.0 | ||
| 008 | 160830s2007 xo oab g e 000 0 slo | ||
| 015 | |a SNBA2008/11-05197 | ||
| 020 | |a 9788089144808 (súbor) | ||
| 020 | |a 9788089144846 (viaz. : 4. zv.) | ||
| 035 | |a 367B9364-411C-449D-B314-E377B7F132EC | ||
| 035 | |a urn:nbn:sk:snk-amjvg8 | ||
| 035 | |a urn:nbn:sk:snk-am0081je | ||
| 040 | |a SNK |b slo |c SNK |e AACR2 | ||
| 041 | 1 | |a slo |h ger | |
| 044 | |a xo |c SK | ||
| 072 | 7 | |a 94(100) |x Svetové dejiny |2 konspekt | |
| 080 | |a 94(100) |2 2011 | ||
| 080 | |a (048.8) |2 2011 | ||
| 080 | |a (031) |2 2011 | ||
| 130 | 0 | |a Chronik des 20. Jahrhunderts |l Slovensky |9 404811 | |
| 245 | 1 | 0 | |a Kronika 20. storočia |n 4 |p 1930-1939 |c [z nemeckého originál... preložili, doplnili a upravili: Ladislav Deák ... [et al.] ; slovenské vydanie zostavila: Edita Ivaničková ] |
| 246 | 3 | 0 | |a 1930-1939 |
| 250 | |a [2. slov. vyd.] | ||
| 260 | |a [Bratislava] |b Fortuna Libri |b [Petit Press] |c c2007 | ||
| 300 | |a S. 414-547 |b fotogr., ilustr., mp. |c 30 cm | ||
| 490 | 1 | |a Edícia denníka SME | |
| 500 | |a Miesto vyd. podľa ISBN | ||
| 648 | 7 | |a 1930-1939 |2 SNKPH |9 437714 | |
| 650 | 0 | 7 | |a svetové dejiny |2 SNKPH |9 4037 |
| 650 | 0 | 7 | |a World history |2 SNKPHeng |9 275271 |
| 655 | 7 | |a chronologické prehľady |2 SNKPH |9 278802 | |
| 655 | 7 | |a encyklopédie |2 SNKPH |9 28776 | |
| 655 | 7 | |a Encyclopedias |2 SNKPHeng |9 90422 | |
| 700 | 1 | |a Deák, Ladislav, |d 1931-2011 |4 trl |9 151090 | |
| 700 | 1 | |a Ivaničková, Edita, |d 1948- |4 com |9 213689 | |
| 830 | 0 | |a Edícia denníka SME |9 322159 | |
| 852 | |a Štátna vedecká knižnica v Banskej Bystrici | ||
| 919 | |a 978-80-89144-80-8 | ||
| 919 | |a 978-80-89144-84-6 | ||
| 958 | |a OND | ||
| 958 | |a OP | ||
| 968 | |b DT |d 93/94 | ||
| 999 | |c 742049 |d 743979 | ||
| 952 | |a SNK |b SNK |y PREZ |7 0 |p 17A0601780 |o snkSB 75729/4 |i snk2008/19295 |8 0 |0 0 |1 0 |4 0 |d 2008-10-10 |f 1 |l 0 |r 2025-04-28 00:00:00 |w 2026-02-23 | ||
| 952 | |t snkKRO/4 94""19"" |a SNKUST |b SNKUST |y PREZ |7 0 |p 17A0570210 |o snkSB 75729/4 D2 |i snk2008/1599 |8 3 |g 6.61 |0 0 |1 0 |4 0 |d 2008-02-14 |l 0 |r 2025-04-28 00:00:00 |w 2026-02-23 | ||


